Analýza a konkurencieschopnosť slovenského vinohradníctva

Vinohradnícka a vinárska problematika, jej rozsiahla činnosť a s ňou spojené znalosti a zručnosti. Analýza marketingového prostredia slovenských vín, vymedzenie právnych predpisov a vysvetlenie negatívnych aspektov zahraničnej konkurencie.

Saved in:
Bibliographic Details
Main Author: Kučera, Juraj
Other Authors: Lukačovičová, Zuzana
Format: Book Chapter
Language:Slovak
Subjects:
Tags: Add Tag
No Tags, Be the first to tag this record!

MARC

LEADER 00000nla a2200000 4500
001 0176012
005 20240502073013.5
041 0 |a slo 
044 |a SK 
245 1 0 |a Analýza a konkurencieschopnosť slovenského vinohradníctva  |c Juraj Kučera, Zuzana Lukačovičová 
520 |a Vinohradnícka a vinárska problematika, jej rozsiahla činnosť a s ňou spojené znalosti a zručnosti. Analýza marketingového prostredia slovenských vín, vymedzenie právnych predpisov a vysvetlenie negatívnych aspektov zahraničnej konkurencie. 
610 2 0 |a marketing 
610 2 0 |a stratégia marketingová 
610 2 0 |a stratégia obchodná 
610 2 0 |a komunikácia marketingová 
610 2 0 |a vinohradníctvo 
610 2 0 |a víno 
610 2 0 |a spotrebitelia 
610 2 0 |a konkurencia 
100 1 |a Kučera, Juraj 
700 1 |a Lukačovičová, Zuzana